[Event "2nd Goa GM Open 2019"]
[Site "Goa"]
[Date "2019.06.23"]
[Round "8.9"]
[White "Shyaamnikhil P"]
[Black "Deepan Chakkravarthy J."]
[Result "1-0"]
[WhiteElo "2434"]
[BlackElo "2557"]
[Annotator "ChessBase"]
[PlyCount "73"]
[EventDate "2019.06.17"]
[EventType "swiss"]
[EventCountry "IND"]
[SourceTitle "playchess.com"]
[Source "ChessBase"]
[SourceQuality "1"]
[TimeControl "5400+30"]

1. e4 {[%emt 0:00:00]} g6 {[%emt 0:06:01]} 2. d4 {[%emt 0:00:25]} Bg7 {[%emt 0:00:04]} 3. Nc3 {[%emt 0:00:44]} d6 {[%emt 0:00:29]} 4. Nf3 {[%emt 0:01:54]} Nf6 {[%emt 0:00:30]} 5. h3 {[%emt 0:01:25]} O-O {[%emt 0:00:10]} 6. Be3 {[%emt 0:00:14]} c6 {[%emt 0:01:56]} 7. Bd3 {[%emt 0:00:14]} Nbd7 {[%emt 0:05:13]} 8. O-O {[%emt 0:00:29]} b5 {[%emt 0:07:34]} 9. e5 {[%emt 0:07:35]} Ne8 {[%emt 0:01:34]} 10. Bf4 {[%emt 0:05:40]} Nb6 {[%emt 0:01:27]} 11. Qc1 {[%emt 0:03:37]} b4 {[%emt 0:17:13]} 12. Ne4 {[%emt 0:02:24]} f5 {[%emt 0:01:37]} 13. Ng3 {[%emt 0:02:00]} Nc7 {[%emt 0:05:34]} 14. h4 {[%emt 0:02:11]} Ne6 {[%emt 0:00:38]} 15. h5 {[%emt 0:01:11]} Nd5 {[%emt 0:07:32]} 16. Bd2 {[%emt 0:09:35]} a5 {[%emt 0:10:49]} 17. c4 {[%emt 0:02:22]} bxc3 {[%emt 0:00:12]} 18. bxc3 {[%emt 0:00:04]} Ba6 {[%emt 0:09:25]} 19. Bxa6 {[%emt 0:01:33]} Rxa6 {[%emt 0:00:01]} 20. h6 {[%emt 0:01:43]} Bh8 {[%emt 0:00:05]} 21. Re1 {[%emt 0:00:29]} c5 {[%emt 0:02:39]} 22. Rb1 {[%emt 0:01:57]} dxe5 {[%emt 0:03:12]} 23. Nxe5 {[%emt 0:07:34]} f4 {[%emt 0:00:27]} 24. Nf1 {[%emt 0:00:41]} cxd4 {[%emt 0:02:35]} 25. cxd4 {[%emt 0:00:06]} Bxe5 {[%emt 0:04:55]} 26. Rxe5 {[%emt 0:03:49]} f3 {[%emt 0:04:12]} 27. g3 {[%emt 0:18:54]} Rd6 {[%emt 0:02:55]} 28. Rb7 {[%emt 0:07:30]} Qc8 {[%emt 0:01:37]} 29. Qxc8 {[%emt 0:00:24]} Rxc8 {[%emt 0:00:02]} 30. Ne3 {[%emt 0:00:49]} Nf6 {[%emt 0:01:08]} 31. d5 {[%emt 0:01:52]} Nc7 {[%emt 0:03:12]} 32. Rxe7 {[%emt 0:04:30]} Ncxd5 {[%emt 0:00:04]} 33. Rg7+ {[%emt 0:00:06]} Kh8 {[%emt 0:00:01]} 34. Ng4 {[%emt 0:00:47]} Re6 {[%emt 0:00:35]} 35. Nh2 {[%emt 0:01:11]} Rb6 {[%emt 0:01:20]} 36. Rxb6 {[%emt 0:00:24]} Nxb6 {[%emt 0:00:02]} 37. Nxf3 {[%emt 0:00:09]} 1-0

[Event "2nd Goa GM Open 2019"]
[Site "Goa"]
[Date "2019.06.23"]
[Round "8.10"]
[White "Thipsay, Praveen M"]
[Black "Debashis, Das"]
[Result "0-1"]
[WhiteElo "2405"]
[BlackElo "2544"]
[Annotator "TA"]
[PlyCount "44"]
[EventDate "2019.06.17"]
[EventType "swiss"]
[EventCountry "IND"]
[SourceTitle "playchess.com"]
[Source "ChessBase"]
[SourceQuality "1"]

{[%evp 21,44,-5,0,0,0,0,-14,-6,-22,-25,-14,0,-25,-22,-3,-14,0,0,0,0,0,-3,-7,-345,-329]} 1. e4 c5 2. Nf3 d6 3. d4 cxd4 4. Nxd4 Nf6 5. Nc3 g6 6. Be2 Bg7 7. O-O O-O 8. Nb3 Nc6 9. Be3 Be6 10. f4 Qc8 11. Kh1 Bg4 12. Qd2 {B74: Sicilian Dragon: Classical System with 9 Nb3} (12. Bg1 Rb8 13. a4 b6 14. Nd4 Bxe2 15. Qxe2 Rd8 16. Rad1 Qb7 17. e5 dxe5 18. fxe5 Ne8 19. Rxf7 Nxd4 20. Rxg7+ Nxg7 21. Bxd4 {0-1 (41) Timman,J (2629)-Tiviakov,S (2597) Wijk aan Zee 2001}) 12... Bxe2 13. Qxe2 Qg4 14. Qd3 {The position is equal.} Nh5 $146 ({Predecessor:} 14... Rfd8 15. Nd5 Qd7 16. c3 Ng4 17. Bg1 e6 18. Ne3 Nxe3 19. Bxe3 Ne7 {½-½ (42) Thipsay,P (2469)-Khosla,S (2291) New Delhi 2010}) 15. Rf3 Bxc3 16. Qxc3 Rac8 17. Qe1 $1 Qe6 18. Bd2 f5 $36 {[%mdl 2048] Black is pushing.} 19. exf5 Qxf5 20. c4 Rf7 21. h3 {And now g4 would win.} Qd7 22. g4 $2 {[%mdl 8192] [#]} (22. Qe4 $11 {and White is okay.}) 22... Ne5 $1 {[%mdl 576] Double Attack, Pin, Discovered Attack. Accuracy: White = 53%, Black = 74%.} 0-1

[Event "2nd Goa GM Open 2019"]
[Site "Goa"]
[Date "2019.06.23"]
[Round "8.11"]
[White "Koustav Chatterjee"]
[Black "Fier, Alexandr"]
[Result "1/2-1/2"]
[WhiteElo "2404"]
[BlackElo "2543"]
[Annotator "TA"]
[PlyCount "60"]
[EventDate "2019.06.17"]
[EventType "swiss"]
[EventCountry "IND"]
[SourceTitle "playchess.com"]
[Source "ChessBase"]
[SourceQuality "1"]

{[%evp 21,60,17,16,12,17,19,39,0,0,0,11,0,0,0,0,0,22,22,24,20,17,17,17,14,26,10,11,10,26,5,10,0,5,0,0,0,0,0,0,0,21]} 1. Nf3 Nf6 2. c4 e6 3. e3 c5 4. Nc3 Be7 5. d4 cxd4 6. exd4 d5 7. cxd5 Nxd5 8. Bd3 O-O 9. O-O Nc6 10. a3 Nf6 11. Bg5 b6 12. Qe2 {[#] Bxf6 is the strong threat. D42: Queen's Gambit Declined: Semi-Tarrasch: 5 cxd5 Nxd5 6 e3 Nc6 7 Bd3} Bb7 13. Rad1 h6 14. Bxf6 $146 {White is slightly better.} ({Predecessor:} 14. Bc1 Qc7 15. Rfe1 Rad8 16. Bc2 Rfe8 17. Qd3 Bf8 18. d5 g6 19. Bb3 Bc5 20. dxe6 Rxe6 {½-½ (61) Kunte,A (2487)-Iordachescu,V (2560) Kolkata 2000}) 14... Bxf6 15. Be4 Re8 16. Ne5 Nxd4 17. Qe3 Bxe4 18. Qxe4 Qc7 19. Ng4 Nf5 20. Nxf6+ gxf6 21. Nd5 exd5 22. Qxf5 Qe5 23. Rxd5 Qxf5 24. Rxf5 $11 {[%mdl 4096] Endgame KRR-KRR} Kg7 25. h4 Re2 {The position is equal.} 26. b3 Rd8 27. Rf3 Red2 28. Re1 R8d3 29. Ree3 Rxe3 30. Rxe3 b5 {Accuracy: White = 59%, Black = 68%.} 1/2-1/2

[Event "2nd Goa GM Open 2019"]
[Site "Goa"]
[Date "2019.06.23"]
[Round "8.12"]
[White "Gusain, Himal"]
[Black "Gukesh D"]
[Result "1/2-1/2"]
[WhiteElo "2404"]
[BlackElo "2543"]
[Annotator "RC"]
[PlyCount "62"]
[EventDate "2019.06.17"]
[EventType "swiss"]
[EventCountry "IND"]
[SourceTitle "playchess.com"]
[Source "ChessBase"]
[SourceQuality "1"]
[TimeControl "5400+30"]

1. e4 {[%emt 0:00:00]} c5 {[%emt 0:00:05]} 2. Nf3 {[%emt 0:00:00]} Nc6 {[%emt 0:00:00]} 3. d4 {[%emt 0:00:00]} cxd4 {[%emt 0:00:00]} 4. Nxd4 {[%emt 0:00:00]} Nf6 {[%emt 0:00:00]} 5. Nc3 {[%emt 0:00:00]} e5 {[%emt 0:00:01]} 6. Ndb5 {[%emt 0:00:00]} d6 {[%emt 0:00:05]} 7. Bg5 {[%emt 0:00:00]} a6 {[%emt 0:00:04]} 8. Na3 {[%emt 0:00:00]} b5 {[%emt 0:00:05]} 9. Nd5 {[%emt 0:00:00]} Be7 {[%emt 0:00:23]} 10. Bxf6 {[%emt 0:00:00]} Bxf6 {[%emt 0:00:05]} 11. c4 {[%emt 0:00:02]} b4 {[%emt 0:01:09]} 12. Nc2 {[%emt 0:00:05]} O-O {[%emt 0:00:27]} 13. g3 {[%emt 0:00:05]} Rb8 {[%emt 0:04:44]} 14. b3 {[%emt 0:00:33]} Bg5 {[%emt 0:00:46]} 15. h4 {[%emt 0:00:09]} Bh6 {[%emt 0:00:06]} 16. Bh3 {[%emt 0:03:51]} Be6 {[%emt 0:02:32]} 17. Kf1 {[%emt 0:00:17]} a5 {[%emt 0:14:05]} 18. Kg2 {[%emt 0:00:12]} Ne7 {[%emt 0:11:05]} 19. Nde3 {[%emt 0:09:34]} Bxe3 {[%emt 0:03:41]} 20. Nxe3 {[%emt 0:00:06]} Nc6 {[%emt 0:05:32]} 21. Qd3 {[%emt 0:00:29]} Qc7 {[%emt 0:02:11]} 22. h5 {[%emt 0:02:43]} Rbd8 {[%emt 0:05:10]} 23. Rad1 {[%emt 0:01:27]} Qe7 {[%emt 0:01:26]} 24. Nc2 {[%emt 0:01:35]} Nb8 {[%emt 0:09:48]} 25. Qe3 {[%emt 0:07:32]} Na6 {[%emt 0:03:03]} 26. Rd2 {[%emt 0:00:07]} Nc5 {[%emt 0:00:18]} 27. Bxe6 {[%emt 0:02:45]} Qxe6 {[%emt 0:05:53]} 28. Qf3 {[%emt 0:03:56]} f5 {[%emt 0:04:24]} 29. exf5 {[%emt 0:00:04]} Rxf5 {[%emt 0:00:04]} 30. Qd5 {[%emt 0:00:05]} Qxd5+ {[%emt 0:04:40]} 31. Rxd5 {[%emt 0:00:06]} Rdf8 {[%emt 0:03:23]} 1/2-1/2

[Event "2nd Goa GM Open 2019"]
[Site "Goa"]
[Date "2019.06.23"]
[Round "8.13"]
[White "Michelle Catherina, P."]
[Black "Burmakin, Vladimir"]
[Result "1/2-1/2"]
[WhiteElo "2182"]
[BlackElo "2526"]
[Annotator "TA RC"]
[PlyCount "75"]
[EventDate "2019.06.17"]
[EventType "swiss"]
[EventCountry "IND"]
[SourceTitle "playchess.com"]
[Source "ChessBase"]
[SourceQuality "1"]

{[%evp 9,75,52,46,31,57,59,47,42,44,44,40,32,52,39,46,32,37,19,23,14,20,0,0,0,0,0,0,0,0,0,0,0,1,-3,-3,-22,0,0,0,0,13,5,24,9,10,11,21,17,18,0,5,0,22,8,50,2,3,3,4,0,0,0,0,0,0,0,0,0]} 1. e4 c6 2. d4 d5 3. Nd2 {[%cal Bb1d2,Bd2e4,Be4c5][%mdl 32]} h6 (3... dxe4 4. Nxe4 Bf5 5. Ng3 Bg6 6. h4 h6 7. Nf3 e6 8. h5 Bh7 9. Bd3 Bxd3 10. Qxd3 Nf6 11. Bd2 c5 12. O-O-O Nc6 13. Bc3 Qd5 14. dxc5 Qxd3 15. cxd3 Bxc5 16. Bxf6 gxf6 17. d4 Bb6 18. d5 Ne7 19. dxe6 fxe6 20. Ne4 {½-½ (32) Andreikin,D (2725)-Howell,D (2693) Astana 2019}) 4. Ngf3 dxe4 5. Nxe4 Bf5 6. Nc5 {B12: Caro-Kann: Advance Variation} (6. Ng3 {looks sharper.} Bh7 7. Bd3 Bxd3 8. Qxd3 e6 9. O-O) 6... Qc8 7. Bd3 Bxd3 8. Nxd3 {White is slightly better.} Nf6 9. O-O e6 10. Re1 $146 ({Predecessor:} 10. b3 Nbd7 11. Bb2 {0-1 (38) Wyss,J (2277)-Burmakin,V (2535) Zuerich 2016}) 10... Be7 11. Nfe5 Nbd7 12. Qe2 {Hoping for Nxf7!} O-O 13. Bd2 Qc7 14. Rad1 Rad8 15. Bc1 Bd6 16. h3 (16. Bf4 {is more complex.} c5 17. dxc5 Nxc5 18. c3 Nd5 19. Bg3) 16... c5 17. Nxd7 Nxd7 18. dxc5 Nxc5 19. Nxc5 Bxc5 20. c3 a6 21. Be3 (21. Qg4 {feels hotter.} Kh8 22. Bf4 Qc6 23. Qe2 Be7 24. Be5) 21... Bxe3 22. Qxe3 Qa5 23. a3 Qa4 24. Rd2 Qb3 25. Ree2 a5 26. Rd4 Rxd4 27. Qxd4 $11 {[%mdl 4096] Endgame KQR-KQR} Rc8 28. Rd2 Qb5 29. a4 Qc6 30. Rd3 g6 31. Qf4 h5 32. g4 hxg4 {The position is equal.} 33. hxg4 e5 $1 {[%cal Re5f4]} 34. Qh6 {[#] aiming for Rh3.} Qxa4 35. Rh3 {[%csl Gh3][%cal Rh6h8]} Qxg4+ 36. Kh1 {[%csl Gh3][%cal Rh6h8]} Qe4+ 37. Kg1 {[%csl Gh3][%cal Rh6h8]} Qg4+ 38. Kh1 {Accuracy: White = 51%, Black = 69%.} 1/2-1/2

[Event "2nd Goa GM Open 2019"]
[Site "Goa"]
[Date "2019.06.23"]
[Round "8.14"]
[White "Neelash Saha"]
[Black "Malakhatko, Vadim"]
[Result "1-0"]
[WhiteElo "2315"]
[BlackElo "2505"]
[Annotator "ChessBase"]
[PlyCount "121"]
[EventDate "2019.06.17"]
[EventType "swiss"]
[EventCountry "IND"]
[SourceTitle "playchess.com"]
[Source "ChessBase"]
[SourceQuality "1"]
[TimeControl "5400+30"]

1. d4 {[%emt 0:00:00]} e6 {[%emt 0:00:00]} 2. c4 {[%emt 0:00:44]} Bb4+ {[%emt 0:00:00]} 3. Bd2 {[%emt 0:00:07]} a5 {[%emt 0:00:00]} 4. Nc3 {[%emt 0:04:32]} Nf6 {[%emt 0:02:14]} 5. Qc2 {[%emt 0:00:22]} d6 {[%emt 0:04:05]} 6. Nf3 {[%emt 0:01:30]} Qe7 {[%emt 0:02:06]} 7. a3 {[%emt 0:01:50]} Bxc3 {[%emt 0:00:06]} 8. Bxc3 {[%emt 0:00:02]} Nbd7 {[%emt 0:00:44]} 9. e3 {[%emt 0:09:33]} a4 {[%emt 0:06:04]} 10. Be2 {[%emt 0:02:14]} b6 {[%emt 0:00:13]} 11. O-O {[%emt 0:01:54]} O-O {[%emt 0:00:18]} 12. Nd2 {[%emt 0:04:36]} Bb7 {[%emt 0:03:30]} 13. e4 {[%emt 0:02:16]} e5 {[%emt 0:00:21]} 14. d5 {[%emt 0:00:04]} Nc5 {[%emt 0:00:17]} 15. Bb4 {[%emt 0:00:04]} Bc8 {[%emt 0:01:36]} 16. Rae1 {[%emt 0:02:12]} h6 {[%emt 0:04:04]} 17. Bd1 {[%emt 0:02:35]} Nh7 {[%emt 0:10:55]} 18. f4 {[%emt 0:01:38]} exf4 {[%emt 0:00:05]} 19. Rxf4 {[%emt 0:00:46]} Bd7 {[%emt 0:03:04]} 20. Rff1 {[%emt 0:03:19]} Rae8 {[%emt 0:01:04]} 21. Qb1 {[%emt 0:00:10]} Ng5 {[%emt 0:04:54]} 22. Bc2 {[%emt 0:01:54]} f6 {[%emt 0:00:07]} 23. Qd1 {[%emt 0:04:46]} Ra8 {[%emt 0:01:52]} 24. Nf3 {[%emt 0:01:47]} Nf7 {[%emt 0:02:27]} 25. e5 {[%emt 0:14:18]} Nxe5 {[%emt 0:03:30]} 26. Nh4 {[%emt 0:00:34]} Qf7 {[%emt 0:10:00]} 27. Qd4 {[%emt 0:02:25]} g6 {[%emt 0:13:36]} 28. Re3 {[%emt 0:02:06]} f5 {[%emt 0:05:23]} 29. Bc3 {[%emt 0:00:37]} Kh7 {[%emt 0:08:54]} 30. Rh3 {[%emt 0:04:28]} Rae8 {[%emt 0:05:00]} 31. Qd2 {[%emt 0:04:09]} Ng4 {[%emt 0:01:38]} 32. Nf3 {[%emt 0:02:37]} Qe7 {[%emt 0:02:36]} 33. Re1 {[%emt 0:00:59]} Qd8 {[%emt 0:00:03]} 34. Rxe8 {[%emt 0:05:34]} Qxe8 {[%emt 0:00:14]} 35. Qd4 {[%emt 0:01:34]} Rf6 {[%emt 0:03:17]} 36. Rh4 {[%emt 0:04:08]} Qe7 {[%emt 0:01:34]} 37. h3 {[%emt 0:03:40]} Ne5 {[%emt 0:00:04]} 38. Ng5+ {[%emt 0:00:09]} Kg8 {[%emt 0:00:42]} 39. Rxh6 {[%emt 0:00:09]} Ne4 {[%emt 0:01:11]} 40. Nxe4 {[%emt 0:03:59]} fxe4 {[%emt 0:00:05]} 41. Qxe4 {[%emt 0:00:04]} Qf8 {[%emt 0:01:41]} 42. Rxg6+ {[%emt 0:03:20]} Rxg6 {[%emt 0:00:42]} 43. Bxe5 {[%emt 0:00:06]} Rh6 {[%emt 0:00:06]} 44. Bc3 {[%emt 0:00:34]} Qf7 {[%emt 0:00:49]} 45. Qe3 {[%emt 0:00:34]} Qf8 {[%emt 0:00:42]} 46. Qg5+ {[%emt 0:00:35]} Kf7 {[%emt 0:00:02]} 47. Bd2 {[%emt 0:00:13]} Rf6 {[%emt 0:00:07]} 48. Qh5+ {[%emt 0:00:04]} Ke7 {[%emt 0:00:21]} 49. Bg5 {[%emt 0:00:04]} Qg7 {[%emt 0:00:05]} 50. Qh4 {[%emt 0:00:42]} Kf7 {[%emt 0:00:21]} 51. Bxf6 {[%emt 0:01:24]} Qxf6 {[%emt 0:00:04]} 52. Qxf6+ {[%emt 0:00:04]} Kxf6 {[%emt 0:00:06]} 53. Kf2 {[%emt 0:00:02]} Ke5 {[%emt 0:00:05]} 54. Ke3 {[%emt 0:00:03]} b5 {[%emt 0:00:05]} 55. cxb5 {[%emt 0:00:08]} Bxb5 {[%emt 0:00:04]} 56. Be4 {[%emt 0:00:03]} Bc4 {[%emt 0:01:09]} 57. g4 {[%emt 0:00:46]} Bxd5 {[%emt 0:00:04]} 58. Bxd5 {[%emt 0:00:03]} Kxd5 {[%emt 0:00:06]} 59. h4 {[%emt 0:00:31]} Ke5 {[%emt 0:00:10]} 60. h5 {[%emt 0:00:03]} d5 {[%emt 0:01:02]} 61. h6 {[%emt 0:00:12]} 1-0

[Event "2nd Goa GM Open 2019"]
[Site "Goa"]
[Date "2019.06.23"]
[Round "8.15"]
[White "Anurag, Mhamal"]
[Black "Rahul Srivatshav P"]
[Result "1/2-1/2"]
[WhiteElo "2497"]
[BlackElo "2395"]
[Annotator "TA"]
[PlyCount "72"]
[EventDate "2019.06.17"]
[EventType "swiss"]
[EventCountry "IND"]
[SourceTitle "playchess.com"]
[Source "ChessBase"]
[SourceQuality "1"]

{[%evp 24,72,46,38,40,42,51,61,60,25,20,19,28,10,10,3,15,0,0,2,26,27,24,25,22,16,39,38,39,39,43,49,57,63,72,0,0,0,0,0,0,0,0,0,0,0,0,0,0,0,0]} 1. e4 c5 2. Nf3 e6 3. d4 cxd4 4. Nxd4 Nc6 5. Nc3 Qc7 6. g3 a6 7. Bg2 Nf6 8. O-O Nxd4 9. Qxd4 Bc5 10. Bf4 d6 11. Qd2 h6 12. Rad1 e5 13. Be3 Bb4 {B47: Sicilian: Taimanov: 5 Nc3 Qc7 6 f4, 6 g3 and 6 Be2} (13... Be6 14. Bxc5 dxc5 15. Nd5 Bxd5 16. exd5 O-O 17. d6 Qb6 18. c4 Rad8 19. Rfe1 Rfe8 20. Bh3 Nh7 21. f4 {1-0 (60) Vidit,S (2715)-Van Foreest,J (2629) Riadh 2017}) 14. Nb5 axb5 15. Qxb4 Rxa2 {White is slightly better.} 16. Qxb5+ (16. Rxd6 $5 {[%cal Re3b6]} O-O 17. Rd2 $14) 16... Bd7 $146 ({Predecessor:} 16... Ke7 17. Rxd6 Qa5 18. Qxa5 Rxa5 19. Rfd1 Nd7 20. b4 Ra1 21. Rxd7+ Bxd7 22. Rxa1 {1-0 (22) De la Riva Aguado,O (2482)-Berend,F (2371) Andorra la Vella 2017}) 17. Qb4 {aiming for Bb6.} Ra6 18. h3 O-O 19. Rd2 Rfa8 20. Rfd1 {[%cal Rd2d6]} Ne8 21. b3 (21. f3 {looks sharper.} b5 22. Bf1 Rb8 23. Rb1 Be6 24. h4) 21... Ra2 22. c4 Rxd2 23. Qxd2 Be6 24. f4 Nf6 25. Qxd6 Qxd6 26. Rxd6 Ra3 27. Rb6 Bxc4 28. fxe5 Nd7 29. bxc4 (29. Rxb7 $16 Ra1+ 30. Kh2) 29... Rxe3 $16 {[%mdl 4096] Endgame KRB-KRN. The position is equal.} 30. e6 fxe6 (30... Nxb6 $2 {is the wrong capture.} 31. e7 $18) 31. Rxb7 Ne5 32. Kf2 Rc3 33. Bf1 Nxc4 34. Bxc4 Rxc4 35. Kf3 Kf8 36. Kf4 Rc5 {Accuracy: White = 59%, Black = 73%.} 1/2-1/2

[Event "2nd Goa GM Open 2019"]
[Site "Goa"]
[Date "2019.06.23"]
[Round "8.16"]
[White "Matta, Vinay Kumar"]
[Black "Gagare, Shardul"]
[Result "1/2-1/2"]
[WhiteElo "2181"]
[BlackElo "2482"]
[Annotator "ChessBase"]
[PlyCount "140"]
[EventDate "2019.06.17"]
[EventType "swiss"]
[EventCountry "IND"]
[SourceTitle "playchess.com"]
[Source "ChessBase"]
[SourceQuality "1"]
[TimeControl "5400+30"]

1. e4 {[%emt 0:09:50]} e5 {[%emt 0:00:00]} 2. Bc4 {[%emt 0:00:12]} Nf6 {[%emt 0:00:09]} 3. d3 {[%emt 0:00:05]} Nc6 {[%emt 0:00:19]} 4. Nc3 {[%emt 0:00:06]} Bc5 {[%emt 0:00:21]} 5. Bg5 {[%emt 0:03:18]} h6 {[%emt 0:01:29]} 6. Bh4 {[%emt 0:03:05]} Be7 {[%emt 0:00:29]} 7. Nf3 {[%emt 0:12:57]} d6 {[%emt 0:00:36]} 8. h3 {[%emt 0:04:38]} Na5 {[%emt 0:01:50]} 9. Bb5+ {[%emt 0:05:56]} c6 {[%emt 0:00:09]} 10. Ba4 {[%emt 0:00:25]} b5 {[%emt 0:00:17]} 11. Bb3 {[%emt 0:00:09]} O-O {[%emt 0:00:31]} 12. O-O {[%emt 0:01:05]} Qc7 {[%emt 0:09:55]} 13. Re1 {[%emt 0:02:32]} Rb8 {[%emt 0:06:04]} 14. Qd2 {[%emt 0:02:17]} Nxb3 {[%emt 0:03:34]} 15. axb3 {[%emt 0:00:23]} b4 {[%emt 0:01:00]} 16. Nd1 {[%emt 0:01:44]} Nh5 {[%emt 0:03:33]} 17. Ne3 {[%emt 0:09:56]} Re8 {[%emt 0:14:47]} 18. Ra4 {[%emt 0:01:09]} Bxh4 {[%emt 0:09:01]} 19. Nxh4 {[%emt 0:00:31]} a5 {[%emt 0:03:12]} 20. Rea1 {[%emt 0:00:55]} Rb5 {[%emt 0:00:19]} 21. Nhf5 {[%emt 0:04:21]} d5 {[%emt 0:05:31]} 22. Qd1 {[%emt 0:02:20]} Nf6 {[%emt 0:12:46]} 23. Qf3 {[%emt 0:01:21]} Bxf5 {[%emt 0:05:42]} 24. Nxf5 {[%emt 0:01:08]} Re6 {[%emt 0:04:13]} 25. Qg3 {[%emt 0:06:37]} Ne8 {[%emt 0:00:24]} 26. Re1 {[%emt 0:04:27]} Kh7 {[%emt 0:03:12]} 27. Qh4 {[%emt 0:02:32]} Nd6 {[%emt 0:01:37]} 28. Nxd6 {[%emt 0:01:03]} Qxd6 {[%emt 0:00:19]} 29. Qh5 {[%emt 0:01:19]} g6 {[%emt 0:01:25]} 30. Qd1 {[%emt 0:00:35]} dxe4 {[%emt 0:03:11]} 31. dxe4 {[%emt 0:00:45]} Qd4 {[%emt 0:04:42]} 32. c4 {[%emt 0:00:20]} Rb7 {[%emt 0:01:17]} 33. Rxa5 {[%emt 0:01:56]} Qxb2 {[%emt 0:01:12]} 34. Ra8 {[%emt 0:03:32]} Qd4 {[%emt 0:01:51]} 35. Qxd4 {[%emt 0:02:51]} exd4 {[%emt 0:00:06]} 36. Rd8 {[%emt 0:00:09]} c5 {[%emt 0:00:54]} 37. Rc8 {[%emt 0:00:44]} Ra7 {[%emt 0:01:02]} 38. Rxc5 {[%emt 0:00:10]} Ra3 {[%emt 0:00:15]} 39. Rd5 {[%emt 0:00:27]} Rxb3 {[%emt 0:00:15]} 40. Rxd4 {[%emt 0:00:09]} Rc6 {[%emt 0:01:23]} 41. Rd7 {[%emt 0:01:32]} Kg8 {[%emt 0:00:06]} 42. e5 {[%emt 0:01:08]} Rc3 {[%emt 0:00:25]} 43. Ra1 {[%emt 0:00:29]} R3xc4 {[%emt 0:01:04]} 44. Ra8+ {[%emt 0:01:34]} Rc8 {[%emt 0:00:16]} 45. Raa7 {[%emt 0:00:30]} Rf4 {[%emt 0:01:01]} 46. g3 {[%emt 0:00:52]} Rf5 47. f4 {[%emt 0:01:30]} b3 {[%emt 0:00:54]} 48. Rab7 {[%emt 0:00:41]} g5 {[%emt 0:00:23]} 49. Rd4 {[%emt 0:00:54]} gxf4 {[%emt 0:00:22]} 50. gxf4 {[%emt 0:00:06]} Re8 {[%emt 0:01:02]} 51. Rxb3 {[%emt 0:00:14]} f6 {[%emt 0:00:05]} 52. exf6 {[%emt 0:03:49]} Rxf6 {[%emt 0:00:05]} 53. Kf2 {[%emt 0:00:18]} Kf7 {[%emt 0:00:19]} 54. Rb7+ {[%emt 0:00:21]} Re7 {[%emt 0:00:12]} 55. Rxe7+ {[%emt 0:00:07]} Kxe7 {[%emt 0:00:02]} 56. Kf3 {[%emt 0:00:07]} Ra6 {[%emt 0:00:16]} 57. Kg4 {[%emt 0:00:37]} Ra5 {[%emt 0:01:33]} 58. Rb4 {[%emt 0:00:25]} h5+ {[%emt 0:00:30]} 59. Kf3 {[%emt 0:02:24]} Ra3+ {[%emt 0:00:25]} 60. Ke4 {[%emt 0:00:17]} Rxh3 {[%emt 0:00:33]} 61. Rb7+ {[%emt 0:00:30]} Kf6 {[%emt 0:00:08]} 62. Rb6+ {[%emt 0:00:08]} Kf7 {[%emt 0:00:22]} 63. Kf5 {[%emt 0:00:18]} Ra3 {[%emt 0:00:14]} 64. Rb7+ {[%emt 0:00:10]} Kf8 {[%emt 0:00:10]} 65. Kg5 {[%emt 0:00:23]} h4 {[%emt 0:00:30]} 66. Kxh4 {[%emt 0:01:03]} Ra5 {[%emt 0:00:18]} 67. Kg4 {[%emt 0:00:06]} Rc5 {[%emt 0:00:21]} 68. f5 {[%emt 0:00:09]} Rc6 {[%emt 0:00:22]} 69. Kg5 {[%emt 0:00:10]} Ra6 {[%emt 0:00:11]} 70. Rc7 {[%emt 0:00:34]} Rb6 {[%emt 0:00:05]} 1/2-1/2